Countries that Kara and Nate have travelled to - Statistics

General Stats
  • This quiz has been taken 69 times
    24 since last reset
  • The average score is 72 of 108
Answer Stats
Country Name % Correct
Thailand
94%
Canada
89%
Denmark
89%
Egypt
89%
Italy
89%
Japan
89%
Mexico
89%
Nepal
89%
New Zealand
89%
Philippines
89%
South Africa
89%
United Kingdom
89%
United States of America
89%
Vietnam
89%
Argentina
83%
Australia
83%
Colombia
83%
Finland
83%
France
83%
India
83%
Ireland
83%
Laos
83%
Norway
83%
Russia
83%
Belgium
78%
Cambodia
78%
Chile
78%
Cuba
78%
Estonia
78%
Germany
78%
Israel
78%
Jordan
78%
Latvia
78%
Lithuania
78%
Malaysia
78%
Netherlands
78%
Oman
78%
Portugal
78%
Singapore
78%
South Korea
78%
Turkey
78%
Ukraine
78%
Austria
72%
Bhutan
72%
Bolivia
72%
Brazil
72%
Costa Rica
72%
Fiji
72%
Iraq
72%
Maldives
72%
Morocco
72%
Peru
72%
Poland
72%
Slovakia
72%
Spain
72%
Switzerland
72%
Vanuatu
72%
Bangladesh
67%
Georgia
67%
Greece
67%
Hungary
67%
Iceland
67%
Indonesia
67%
Kenya
67%
Myanmar
67%
Panama
67%
Slovenia
67%
Sweden
67%
United Arab Emirates
67%
Uruguay
67%
Vatican City
67%
Armenia
61%
Azerbaijan
61%
Bulgaria
61%
Croatia
61%
Ecuador
61%
Lebanon
61%
Mongolia
61%
Qatar
61%
San Marino
61%
Taiwan
61%
Zambia
61%
Bahrain
56%
Bosnia and Herzegovina
56%
Hong Kong
56%
Kazakhstan
56%
Liechtenstein
56%
Luxembourg
56%
Montenegro
56%
North Korea
56%
Zimbabwe
56%
Cyprus
50%
Dominican Republic
50%
Jamaica
50%
Mauritius
50%
Saint Kitts and Nevis
50%
Barbados
44%
Saint Lucia
44%
Kyrgyzstan
39%
Tanzania
33%
Antarctica
22%
Aruba
22%
Curacao
11%
Northern Cyprus
11%
Puerto Rico
11%
Saba
0%
Saint Martin
0%
Virgin Islands
0%
No matching quizzes found
Score Distribution
Percent of People with Each Score
Percentile by Number Answered
Your Score History
You have not taken this quiz since the last reset